Journals of the Legislative Council of the Province of Quebec.

Saved in:
Bibliographic Details
New Title:Quebec (Province). Legislature. Legislative Council. Journals of the Legislative Council of the Province of Quebec (1888)
Corporate Author: Quebec (Province). Parliament. Legislative Council
Format: Serial
Language:English
Published: [S.l. : Legislative Council], 1868-1887
Subjects:
LEADER 01438nas a22002897a 4500
001 c000156813
003 CARM
005 20020205155955.0
008 811023d18681887qucar s0uuua0eng d
010 |a sn 85017788 
019 1 |a 4308534  |5 LACONCORD2021 
035 |a (OCoLC)7872474  |5 LACONCORD2021 
042 |a msc 
110 1 0 |a Quebec (Province).  |b Parliament.  |b Legislative Council. 
245 1 0 |a Journals of the Legislative Council of the Province of Quebec. 
260 |a [S.l. :  |b Legislative Council],  |c 1868-1887  |e (Quebec :  |f George T. Cary). 
300 |a 21 v. ;  |c 25 cm. 
310 |a Annual 
362 0 |a 1st session, 1st Parliament (1867/1868)-1st session, 6th Parliament (1887) = Vol. 1-21. 
580 |a Continued by: Quebec (Province). Legislature. Legislative Council. Journals of the Legislative Council of the Province of Quebec (1888). 
651 0 |a Quebec (Province)  |x Politics and government  |x Periodicals. 
785 1 0 |a Quebec (Province). Legislature. Legislative Council.  |t Journals of the Legislative Council of the Province of Quebec (1888)  |w (DLC)sn 85017789 
852 8 |b CARM  |h A2:AG23E0  |i C01680  |p 0045337  |f SE 
866 0 |a 1(1868)-20(1886) Inc 
866 0 |a 1(1868)-20(1886) Inc 
999 f f |i 11820774-f199-5433-915b-a9a928c7535b  |s 4443c407-6a32-55e2-831e-3cf2c9631321 
952 f f |p Can circulate  |a CAVAL  |b CAVAL  |c CAVAL  |d CARM 1 Store  |e C01680  |f A2:AG23E0  |h Other scheme  |i book  |k  1(1868),3(1869/70),17(1883),19(1885)-20(1886)  |m 0045337